Catálogo

Vista normal Vista MARC

Entrada Personal Name

Número de registros utilizados en: 1

001 - CONTROL NUMBER

  • control field: 16853

003 - CONTROL NUMBER IDENTIFIER

  • control field: DLC

005 - DATE AND TIME OF LATEST TRANSACTION

  • control field: 20250312095452.0

008 - FIXED-LENGTH DATA ELEMENTS

  • fixed length control field: 100812n| acannaabn |n aaa

010 ## - LIBRARY OF CONGRESS CONTROL NUMBER

  • LC control number: n 2010052555

040 ## - CATALOGING SOURCE

  • Original cataloging agency: DLC
  • Language of cataloging: spa
  • Transcribing agency: Mx-PuUPA
  • Modifying agency: DLC
  • Modifying agency: Mx-PuUPA
  • Description conventions: rda

046 ## - SPECIAL CODED DATES

  • Birth date: 1960

100 1# - HEADING--PERSONAL NAME

  • Personal name: Lombardi, Olimpia,
  • Dates associated with a name: 1960-

374 ## - OCCUPATION

  • Occupation: Autora

375 ## - GENDER

  • Gender: mujer

377 ## - ASSOCIATED LANGUAGE

  • Language code: spa

670 ## - SOURCE DATA FOUND

  • Source citation: Introduction to the modal-Hamiltonian interpretation of quantum mechanics, c2010:
  • Information found: ECIP t.p. (Olimpia Lombardi)

670 ## - SOURCE DATA FOUND

  • Source citation: Quantum worlds, perspectives on the ontology of quantum mechanics, 2019:
  • Information found: ECIP t.p. (Olimpia Lombardi; Universidad de Buenos Aires, Argentina) data view (b. 03/16/1960)